LIBRARY & INFORMATION CENTRE, KCAET, TAVANUR

ONLINE PUBLIC ACCESS CATALOGUE (OPAC)

Mechanical properties of matter / (Record no. 8534)

MARC details
000 -LEADER
fixed length control field 00392cam a2200157ua 4500
041 ## - LANGUAGE CODE
Language code of text/sound track or separate title eng
082 ## - DEWEY DECIMAL CLASSIFICATION NUMBER
Classification number 531
Item number STA/ME
100 ## - MAIN ENTRY--AUTHOR NAME
Personal name Starling, S G .
245 ## - TITLE STATEMENT
Title Mechanical properties of matter /
250 ## - EDITION STATEMENT
Edition statement 1 /
260 ## - PUBLICATION, DISTRIBUTION, ETC. (IMPRINT)
Place of publication New York :
Name of publisher McMillan and company ,
Year of publication 1961.
300 ## - PHYSICAL DESCRIPTION
Number of Pages 336 ; .
942 ## - ADDED ENTRY ELEMENTS (KOHA)
Koha item type Books
Holdings
Withdrawn status Lost status Damaged status Home library Current library Date acquired Full call number Accession Number Koha item type
      KAUAET KAUAET 07/04/2012 531 3187 Books
free website counter